000 01041nam a2200289 i 4500
001 5777
003 ES-MaACL
005 20250917063026.0
007 t|
008 890519s1985 sp ||||1| spa d
020 _a84-369-1205-5
080 _a177.1"15"
080 _a395"15"
100 0 _aErasmus, Desiderius,
_d1467-1536
_947350
245 1 0 _aDe la urbanidad en las maneras de los niños
_b: = [De civilitate morum puerilium] /
_c[Erasmo] ; traducción y presentación, Agustin García Calvo ; edición y comentario, Julia Varela.
250 _a1a ed.
260 _aMadrid :
_bMinisterio de Educacion y Ciencia,
_c1985.
300 _a114 p. ;
_c17 cm.
490 1 _aClásicos de educación ;
_v1
500 _aEd. bilingue.
650 1 4 _aCivismo-
_xObras anteriores a 1800.
_911106
700 1 _aGarcía Calvo, Agustín,
_d1926-2012
_9233841
700 1 _aVarela, Julia.
_9113140
830 0 _aClásicos de educación ;
_v1
_9227729
852 _aES-MaACL
_jL-12805
_bR.116572
_z. - rust.
999 _c5777
_d5777